Statistiques concernant Le vedettariat au Québec - (1900-1940) - Devinez le prénom + Devinettes

Cliquez ici pour prendre le quiz!

Statistiques générales

  • Ce quiz a été pris 13 fois
  • Le résultat moyen est 1 sur 10

Statistiques - réponses

Hint Answer % Correct
Devinez le prénom - OuelletteRose
89%
Elle est née sous le nom de Marie Travers - Quel est son NOM DE SCÈNE ?La Bolduc
44%
Il créer une troupe de chanteurs - Qui c'est ?Jean Grimaldi
0%
Avec qui Hector Charland fait des duos ?Estelle Mauffette
0%
Qui chante la chanson "Adieu !" en 1941 ?Lionel Parent
0%
Elle est surnommée "La petite Sarah" - Qui est-ce ?Juliette Béliveau
0%
Devinez le prénom - VerteuilEugénie
0%
Elle est la première femme en Amérique du Nord à diriger deux théâtres ?Rose Ouellette
0%
Qui est le fondateur du "Théâtre National Français" ?Julien Daoust
0%
Elle incarnait Angélique dans - "Un homme et son péché" - Qui est-t-elle ?Aurore Alys
0%

Distribution des résultats

Percentile by Number Answered

% des personnes avec chaque résultat

Votre développement - résultats

Vous n’avez pas pris ce quiz